Restaurants étoilés par département - Statistiques

Statistiques générales
  • Ce quiz a été pris 38 fois
  • Le résultat moyen est 11 sur 96
Statistiques - réponses
1* 2* 3* Total Département Rang % Correct
Ile-de-France 94 16 10 122 Paris 1
100%
Provence-Alpes-Côte d'Azur 22 3 1 26 Alpes-Maritimes 2
47%
Provence-Alpes-Côte d'Azur 20 0 3 23 Bouches-du-Rhône 3
35%
Auvergne-Rhône-Alpes 16 4 0 20 Rhône 4
35%
Provence-Alpes-Côte d'Azur 9 1 2 12 Var 13
26%
Nouvelle-Aquitaine 15 5 0 20 Gironde 4
24%
Grand Est 17 3 0 20 Bas-Rhin 4
18%
Auvergne-Rhône-Alpes 12 4 2 18 Haute-Savoie 7
18%
Hauts-de-France 7 0 0 7 Nord 23
18%
Auvergne-Rhône-Alpes 12 5 1 18 Savoie 7
18%
Occitanie 9 1 0 10 Haute-Garonne 17
15%
Grand Est 11 3 0 14 Haut-Rhin 9
15%
Occitanie 13 0 0 13 Hérault 10
15%
Bretagne 9 2 0 11 Ille-et-Vilaine 15
15%
Auvergne-Rhône-Alpes 5 0 1 6 Loire 31
15%
Pays-de-la-Loire 6 1 0 7 Loire-Atlantique 23
15%
Occitanie 4 1 0 5 Aveyron 37
12%
Normandie 3 0 0 3 Calvados 48
12%
Bourgogne-Franche-Comté 11 2 0 13 Côte-d'or 10
12%
Bretagne 10 1 0 11 Finistère 15
12%
Occitanie 8 2 0 10 Gard 18
12%
Nouvelle-Aquitaine 4 1 1 6 Landes 31
12%
Centre-Val de Loire 4 0 0 4 Loiret 43
12%
Hauts-de-France 4 0 0 4 Oise 43
12%
Hauts-de-France 3 2 0 5 Pas-de-Calais 37
12%
Nouvelle-Aquitaine 12 0 0 12 Pyrénées-Atlantiques 13
12%
Occitanie 1 0 0 1 Tarn 68
12%
Provence-Alpes-Côte d'Azur 12 1 0 13 Vaucluse 10
12%
Pays-de-la-Loire 8 0 1 9 Vendée 20
12%
Auvergne-Rhône-Alpes 4 0 1 5 Ain 37
9%
Hauts-de-France 1 0 0 1 Aisne 68
9%
Provence-Alpes-Côte d'Azur 4 0 0 4 Alpes-de-Haute-Provence 43
9%
Auvergne-Rhône-Alpes 3 0 0 3 Ardèche 48
9%
Grand Est 0 0 0 0 Ardennes 85
9%
Occitanie 2 2 1 5 Aude 37
9%
Auvergne-Rhône-Alpes 1 1 0 2 Cantal 59
9%
Nouvelle-Aquitaine 5 0 0 5 Charente 37
9%
Nouvelle-Aquitaine 2 1 0 3 Charente-Maritime 48
9%
Centre-Val de Loire 1 0 0 1 Cher 68
9%
Bretagne 6 0 0 6 Côtes-d'Armor 31
9%
Nouvelle-Aquitaine 7 0 0 7 Dordogne 23
9%
Bourgogne-Franche-Comté 2 0 0 2 Doubs 59
9%
Auvergne-Rhône-Alpes 6 0 1 7 Drôme 23
9%
Normandie 2 0 0 2 Eure 59
9%
Centre-Val de Loire 2 0 0 2 Eure-et-Loir 59
9%
Provence-Alpes-Côte d'Azur 1 0 0 1 Hautes-Alpes 68
9%
Bourgogne-Franche-Comté 0 0 0 0 Haute-Saône 85
9%
Ile-de-France 3 0 0 3 Hauts-de-Seine 48
9%
Centre-Val de Loire 1 0 0 1 Indre 68
9%
Centre-Val de Loire 7 0 0 7 Indre-et-Loire 23
9%
Auvergne-Rhône-Alpes 5 2 0 7 Isère 23
9%
Centre-Val de Loire 6 1 0 7 Loir-et-Cher 23
9%
Occitanie 5 0 0 5 Lot 37
9%
Nouvelle-Aquitaine 2 0 0 2 Lot-et-Garonne 59
9%
Occitanie 0 1 0 1 Lozère 68
9%
Pays-de-la-Loire 3 0 0 3 Maine-et-Loire 48
9%
Normandie 3 0 0 3 Manche 48
9%
Grand Est 3 2 1 6 Marne 31
9%
Grand Est 2 0 0 2 Meurthe-et-Moselle 59
9%
Bretagne 8 0 0 8 Morbihan 22
9%
Grand Est 6 0 0 6 Moselle 31
9%
Bourgogne-Franche-Comté 0 0 0 0 Nièvre 85
9%
Normandie 3 0 0 3 Orne 48
9%
Auvergne-Rhône-Alpes 8 1 0 9 Puy-de-Dôme 20
9%
Occitanie 4 0 0 4 Pyrénées-Orientales 43
9%
Bourgogne-Franche-Comté 8 1 1 10 Saône-et-Loire 17
9%
Ile-de-France 4 0 0 4 Seine-et-Marne 43
9%
Normandie 7 0 0 7 Seine-Maritime 23
9%
Ile-de-France 1 0 0 1 Val-de-Marne 68
9%
Ile-de-France 1 0 0 1 Val d'Oise 69
9%
Grand Est 1 0 0 1 Vosges 68
9%
Bourgogne-Franche-Comté 2 1 0 3 Yonne 48
9%
Ile-de-France 6 0 0 6 Yvelines 31
9%
Occitanie 0 0 0 0 Ariège 85
6%
Grand Est 0 0 0 0 Aube 85
6%
Nouvelle-Aquitaine 2 0 0 2 Corrèze 59
6%
Corse 2 1 0 3 Corse-du-Sud 48
6%
Nouvelle-Aquitaine 1 0 0 1 Creuse 68
6%
Nouvelle-Aquitaine 0 0 0 0 Deux-Sèvres 85
6%
Auvergne-Rhône-Alpes 2 0 0 2 Allier 59
6%
Ile-de-France 0 0 0 0 Essonne 85
6%
Occitanie 0 1 0 1 Gers 68
6%
Corse 1 0 0 1 Haute-Corse 68
6%
Auvergne-Rhône-Alpes 2 0 1 3 Haute-Loire 48
6%
Grand Est 1 0 0 1 Haute-Marne 68
6%
Occitanie 0 0 0 0 Hautes-Pyrénées 85
6%
Nouvelle-Aquitaine 2 0 0 2 Haute-Vienne 59
6%
Bourgogne-Franche-Comté 2 1 0 3 Jura 48
6%
Pays-de-la-Loire 1 0 0 1 Mayenne 68
6%
Grand Est 0 0 0 0 Meuse 85
6%
Pays-de-la-Loire 1 0 0 1 Sarthe 68
6%
Ile-de-France 1 0 0 1 Seine-Saint-Denis 68
6%
Hauts-de-France 0 0 0 0 Somme 85
6%
Occitanie 0 0 0 0 Tarn-et-Garonne 85
6%
Bourgogne-Franche-Comté 1 0 0 1 Territoire de Belfort 68
6%
Nouvelle-Aquitaine 0 0 0 0 Vienne 85
6%
Aucun quiz correspondant
Distribution des résultats
% des personnes avec chaque résultat
Percentile par nombre de réponses
Votre historique - résultats
Vous n’avez pas pris ce quiz